000 00293nam a22001337a 4500
008 171003b xxu||||| |||| 00| 0 eng d
020 _a9780691018638
041 _aeng
080 _a159.9
100 _a48
101 _aPSI
245 _aSPIRITUAL DISCIPLINES
_cCAMPBELL,J
942 _2udc
_cBK
999 _c31285
_d31285